International Journal of Innovation and Economic Development

Salvato in:
Dettagli Bibliografici
Natura: Periodico
Lingua:inglese
Pubblicazione: Zagreb Inovatus Usluge
Tags: Aggiungi Tag
Nessun Tag, puoi essere il primo ad aggiungerne!!

MARC

LEADER 00000nas1a2200000 4500
001 0306575
005 20250127093413.1
022 |a 1849-7020 
022 |a 1849-7551 
041 0 |a eng 
044 |a HR 
245 1 0 |a International Journal of Innovation and Economic Development 
264 1 |a Zagreb  |b Inovatus Usluge